000 00980cam a2200205 4500
001 WB3715-23
008 000000n2001 000 0 eng u
035 _a(Sirsi) u112084
245 _aAdvertisement control
260 _c2001
490 _aEstates Gazette Case Summaries
_v[2001] EGCS 49(1) (14/04/01)
520 _a"Kensington and Chelsea Royal LBC v Harvey Nichols & Co Ltd and others", QBD 30 March 2001, which examined whether planning permission was required for advertising placed on a PVC shroud attached to scaffolding surrounding a department store or whether the advertising was incorporated into the fabric of the building. Council's application for an injunction allowed.
590 _aWB
650 _aADVERTISEMENT CONTROL
650 _aPLANNING PERMISSION
650 _aKENSINGTON AND CHELSEA LBC V HARVEY NICHOLS AND CO LTD AND OTHERS
650 _aSCAFFOLDING
690 _aENVIRONMENTAL AND LAND CONSULTANCY-PLANNING AND DEVELOPMENT
942 _n0
999 _c66749
_d66749